| 000 | 00490 a2200181 4500 | ||
|---|---|---|---|
| 999 |
_c41656 _d41656 |
||
| 003 | OSt | ||
| 005 | 20221031152931.0 | ||
| 008 | 221031b ||||| |||| 00| 0 eng d | ||
| 020 | _a9789355011862 | ||
| 040 | _coclc | ||
| 082 |
_a576 _bDUB/T |
||
| 100 |
_94892 _aDubey, R C |
||
| 245 |
_aA Textbook of microbiology / _cR C Dubey |
||
| 250 | _a5th ed. | ||
| 260 |
_aNew Delhi: _bS chand, _c2022. |
||
| 300 | _a1088 pages | ||
| 942 |
_2ddc _cBK _h576 _iDUB/T _k576 _mDUB/T |
||